Football: les adversaires Français du FC Barcelone en Coupes d'Europe - Statistiques

Statistiques générales
  • Ce quiz a été pris 617 fois
  • Le résultat moyen est 4 sur 5
Statistiques - réponses
Réponse % Correct
Paris SG
100%
Olympique Lyonnais
95%
AS Monaco
73%
OGC Nice
55%
FC Metz
44%
Aucun quiz correspondant
Distribution des résultats
% des personnes avec chaque résultat
Percentile par nombre de réponses
Votre historique - résultats
Vous n’avez pas pris ce quiz